000 00317nam a22001217a 4500
008 180314b xxu||||| |||| 00| 0 eng d
041 _aeng
080 _a7
100 _a44
101 _aART
245 _aFrom delacroix to cezanne french watercolor landscapes of the nineteenth century
_cSpeed,J.B
942 _2udc
_cBK
999 _c45052
_d45052